可住地面積の比率が100%の市町村 - Statistics

General Stats
  • This quiz has been taken 34 times
  • The average score is 61 of 100
Answer Stats
Hint Answer % Correct
千葉県 浦安市
88%
東京都 葛飾区
88%
東京都 江東区
88%
東京都 品川区
88%
東京都 新宿区
88%
東京都 世田谷区
88%
東京都 練馬区
88%
東京都 港区
88%
埼玉県 蕨市
84%
東京都 足立区
84%
東京都 江戸川区
84%
東京都 大田区
84%
東京都 北区
84%
東京都 渋谷区
84%
東京都 墨田区
84%
東京都 台東区
84%
東京都 中央区
84%
東京都 豊島区
84%
東京都 中野区
84%
東京都 目黒区
84%
大阪府 大阪市
84%
東京都 荒川区
81%
東京都 板橋区
81%
東京都 杉並区
81%
東京都 千代田区
81%
東京都 文京区
78%
大阪府 門真市
78%
東京都 武蔵野市
75%
石川県 野々市市
75%
愛知県 飛島村
75%
大阪府 守口市
75%
兵庫県 尼崎市
75%
埼玉県 戸田市
72%
愛知県 あま市
72%
愛知県 一宮市
72%
愛知県 稲沢市
72%
愛知県 北名古屋市
72%
愛知県 清須市
72%
埼玉県 三郷市
69%
埼玉県 八潮市
69%
富山県 舟橋村
69%
愛知県 愛西市
69%
大阪府 摂津市
69%
埼玉県 草加市
66%
愛知県 知立市
66%
三重県 川越町
66%
岐阜県 岐南町
63%
愛知県 岩倉市
63%
愛知県 扶桑町
63%
大阪府 藤井寺市
63%
東京都 府中市
59%
愛知県 江南市
59%
三重県 木曽岬町
59%
大阪府 松原市
59%
大阪府 忠岡町
59%
埼玉県 志木市
56%
岐阜県 笠松町
56%
愛知県 安城市
56%
愛知県 津島市
56%
愛知県 蟹江町
56%
大阪府 高石市
56%
兵庫県 播磨町
56%
青森県 田舎館村
53%
山梨県 昭和町
53%
岐阜県 羽島市
53%
愛知県 碧南市
53%
愛知県 豊山町
53%
大阪府 泉大津市
53%
大阪府 田尻町
53%
兵庫県 伊丹市
53%
徳島県 藍住町
53%
神奈川県 開成町
50%
愛知県 大治町
50%
青森県 板柳町
47%
愛媛県 松前町
47%
岐阜県 瑞穂市
44%
愛知県 高浜市
44%
奈良県 大和高田市
44%
奈良県 安堵町
44%
奈良県 田原本町
44%
岐阜県 安八町
41%
岐阜県 北方町
41%
岐阜県 輪之内町
41%
愛知県 大口町
41%
石川県 川北町
38%
滋賀県 豊郷町
38%
奈良県 川西町
38%
徳島県 北島町
38%
福岡県 大川市
38%
青森県 藤崎町
34%
岐阜県 神戸町
34%
福岡県 柳川市
34%
山形県 三川町
31%
奈良県 三宅町
31%
熊本県 嘉島町
28%
福島県 湯川村
25%
茨城県 河内町
25%
福岡県 吉富町
25%
埼玉県 川島町
22%
福岡県 大木町
22%
No matching quizzes found
Score Distribution
Percent of People with Each Score
Percentile by Number Answered
Your Score History
You have not taken this quiz